The assassins

Đã lưu trong:
Bibliografiske detaljer
Hovedforfatter: Donovan, Robert J.
Format: Bog
Sprog:Undetermined
Udgivet: New York United Press International 1964
Fag:
Tags: Tilføj Tag
Ingen Tags, Vær først til at tagge denne postø!
Thư viện lưu trữ: Trung tâm Học liệu Trường Đại học Cần Thơ
LEADER 00524nam a2200193Ia 4500
001 CTU_77930
008 210402s9999 xx 000 0 und d
082 |a 364.15 
082 |b D687 
100 |a Donovan, Robert J. 
245 4 |a The assassins 
245 0 |c Robert J. Donovan 
260 |a New York 
260 |b United Press International 
260 |c 1964 
650 |a Assassination,Presidents 
650 |z United States,United States 
904 |i Trúc 
980 |a Trung tâm Học liệu Trường Đại học Cần Thơ